000 00436nam a2200157 4500
001 118324
003 ES-MaACL
005 20230906191056.0
007 t|
008 070214s1961 sp r ||||1| spa d
100 1 _aPérez, Alberto Luis.
_990550
245 1 3 _aEl valle de las siete sabidurías /
_cAlberto L. Pérez.
260 _aBarcelona :
_bCaralt,
_c1961.
300 _a371 p. ;
_c23 cm.
852 _aES-MaACL
_jF-14058
_bR.48187
999 _c118324
_d118324